Fundamentos de Química Analítica / (Record no. 144729)

MARC details
000 -LEADER
campo de control de longitud fija 00618nam a2200181 4500
001 - NÚMERO DE CONTROL
campo de control 144729
003 - IDENTIFICADOR DE NÚMERO DE CONTROL
campo de control ES-MaACL
005 - FECHA Y HORA DE LA ÚLTIMA TRANSACCIÓN
campo de control 20230906201102.0
007 - CAMPO FIJO DE DESCRIPCIÓN FÍSICA--INFORMACIÓN GENERAL
campo de control de longitud fija t|
008 - DATOS DE LONGITUD FIJA--INFORMACIÓN GENERAL
campo de control de longitud fija 070214s1979 sp r ||||1| spa d
100 1# - ENTRADA PRINCIPAL--NOMBRE DE PERSONA
Nombre de persona Skoog, Douglas A.
9 (RLIN) 106754
245 10 - MENCIÓN DEL TÍTULO
Título Fundamentos de Química Analítica /
Mención de responsabilidad, etc. Douglas A. Skoog, Donald N. West ; [traducida por Francisco Bermejo Martínez].
260 ## - PUBLICACIÓN, DISTRIBUCIÓN, ETC.
Lugar de publicación, distribución, etc. Barcelona [etc.] :
Nombre del editor, distribuidor, etc. Reverté,
Fecha de publicación, distribución, etc. 1979 (
Fabricante Litoclub)
300 ## - DESCRIPCIÓN FÍSICA
Extensión 2 v. :
Otras características físicas il. ;
Dimensiones 22 cm.
700 1# - ENTRADA AGREGADA--NOMBRE PERSONAL
Nombre de persona West, Donald N.
9 (RLIN) 116540
700 1# - ENTRADA AGREGADA--NOMBRE PERSONAL
Nombre de persona Bermejo Martínez, Francisco.
9 (RLIN) 28112
852 ## - LOCALIZACIÓN
Ubicación ES-MaACL
Número de control de estantería G-4337-38
Sublocalización o colección R.100145
Holdings
Estatus retirado Estado de pérdida Estado de daño No para préstamo Biblioteca de origen Biblioteca actual Ubicación en estantería Fecha de adquisición Fuente de adquisición Total de préstamos Signatura topográfica completa Código de barras Visto por última vez Precio de reemplazo Tipo de ítem Koha
        Biblioteca del Ateneo de Madrid Biblioteca del Ateneo de Madrid Depósito 2 17/01/2008     G-4337-38 1150917 23/02/2023 23/02/2023 Libro impreso